Archaeology : Theories, methods, and practice

שמור ב:
מידע ביבליוגרפי
מחבר ראשי: Renfrew, Colin
פורמט: ספר
שפה:Undetermined
יצא לאור: New York Thames and Hudson 2000
נושאים:
תגים: הוספת תג
אין תגיות, היה/י הראשונ/ה לתייג את הרשומה!
Thư viện lưu trữ: Trung tâm Học liệu Trường Đại học Cần Thơ
LEADER 00533nam a2200205Ia 4500
001 CTU_129927
008 210402s9999 xx 000 0 und d
020 |c 31.25 
082 |a 930.1 
082 |b R411 
100 |a Renfrew, Colin 
245 0 |a Archaeology : 
245 0 |b Theories, methods, and practice 
245 0 |c Colin Renfrew and Paul Bahn 
260 |a New York 
260 |b Thames and Hudson 
260 |c 2000 
650 |a Archaeology 
904 |i Giang 
980 |a Trung tâm Học liệu Trường Đại học Cần Thơ